Identify the Language By Text - Statistics

General Stats
  • This quiz has been taken 19 times
    16 since last reset
  • The average score is 8 of 26
Answer Stats
Hint Answer % Correct
Hello English
92%
你好 Chinese
77%
Hola Spanish
77%
مرحبًا Arabic
69%
Hallo German
69%
नमस्ते Hindi
62%
Привет Russian
54%
سلام Persian
46%
Привіт Ukrainian
46%
Dobrý deň Slovak
38%
Hej Danish
31%
Bonjou Haitian Creole
31%
Salve Latin
31%
Салам Kyrgyz
23%
Olá Portugese
23%
Buna ziua Romanian
23%
ສະບາຍດີ Lao
15%
Сайн уу Mongolian
15%
zdravo Slovenian
15%
Mholo Xhosa
8%
Salaam qalaykum Afar
0%
Helló Hungarian
0%
Sveiki Lithuanian
0%
Halò Scottish Gaelic
0%
Salom Uzbek
0%
Helo Welsh
0%
No matching quizzes found
Score Distribution
Percent of People with Each Score
Percentile by Number Answered
Your Score History
You have not taken this quiz since the last reset